Agricultural co-operation in the commonwealth (Record no. 427370)

000 -LEADER
fixed length control field 00379cam a22001217a 4500
008 - FIXED-LENGTH DATA ELEMENTS--GENERAL INFORMATION
fixed length control field 180718b1956 xxu||||| |||| 00| 0 eng d
082 ## - DEWEY DECIMAL CLASSIFICATION NUMBER
Classification number Z49x42 D569
100 ## - MAIN ENTRY--PERSONAL NAME
Personal name Digby, Margaret
245 ## - TITLE STATEMENT
Title Agricultural co-operation in the commonwealth
Statement of responsibility, etc. by Margaret Digby
260 ## - PUBLICATION, DISTRIBUTION, ETC.
Place of publication, distribution, etc. Oxford
Name of publisher, distributor, etc. Blackwell
Date of publication, distribution, etc. 1956
300 ## - PHYSICAL DESCRIPTION
Extent 172p
650 ## - SUBJECT ADDED ENTRY--TOPICAL TERM
Topical term or geographic name entry element Agriculture, Cooperative --Great Britain --Colonies
Holdings
Withdrawn status Lost status Damaged status Not for loan Permanent Location Current Location Date acquired Full call number Barcode Date last seen Price effective from Koha item type
        Indian Institute of Public Administration Indian Institute of Public Administration 2009-11-17 Z49x42 D569 6512 2018-07-21 2018-07-21 Book

Powered by Koha